Chemistry in context applying chemistry to society

محفوظ في:
التفاصيل البيبلوغرافية
المؤلف الرئيسي: FAHLMAN, Bradley D...et al
التنسيق: كتاب
اللغة:الإنجليزية
منشور في: McGraw-Hill Education 2021
الوسوم: إضافة وسم
لا توجد وسوم, كن أول من يضع وسما على هذه التسجيلة!

MARC

LEADER 00000nam a22000007a 4500
008 230926b |||||||| |||| 00| 0 eng d
020 |a 9781260570816 
100 |a FAHLMAN, Bradley D...et al 
245 |a Chemistry in context  |b applying chemistry to society  |c Bradley D. Fahlman ... (et al)  |g xi, 591p; ill 
250 |c Purvis-Roberts, Kathleen L. 
260 |b McGraw-Hill Education  |c 2021  |h New York  |i 700437  |i 700438  |i 700439  |l QD415.C41  |m Biochemistry  |m Environmental chemistry  |m Geochemistry 
500 |a it includes index 
942 |a lcc  |c BK  |e Johnson  |f 26/09/23 
952 |0 0  |1 0  |2 lcc  |4 0  |6 QD0415 C41  |7 0  |9 4490  |a SL  |b HOL  |c QZ  |d 2023-09-26  |l 0  |o QD415.C41  |p 2023-0411  |r 2023-09-26 00:00:00  |t 700437  |w 2023-09-26  |y BK 
952 |0 0  |1 0  |2 lcc  |4 0  |6 QD0415 C41  |7 0  |9 4491  |a HOL  |b HOL  |c QZ  |d 2023-09-26  |l 0  |o QD415.C41  |p 2023-0412  |r 2023-09-26 00:00:00  |t 700438  |w 2023-09-26  |y BK 
952 |0 0  |1 0  |2 lcc  |4 0  |6 QD0415 C41  |7 0  |9 4492  |a HOL  |b HOL  |c QZ  |d 2023-09-26  |l 0  |o QD415.C41  |p 2023-0413  |r 2023-09-26 00:00:00  |t 700439  |w 2023-09-26  |y BK 
999 |c 2250  |d 2250